000 00341nam a2200145Ia 4500
008 150201s2009 xx 000 0 und d
082 _a610.7367
_bM09B
100 _aBLACK , JOYCE M.
245 _aMEDICAL SURGICAL NURSING -2
250 _a8TH
260 _bELSEVIER
_aINDIA
_c2009
300 _a2218
650 _aSURGERY
942 _2ddc
_cBK
999 _c1963
_d1963